[Event "sara-trave 1"]
[Site "http://www.queenalice.com/game.php?id=1053045"]
[Date "2012.4.26"]
[Round "-"]
[White "trave"]
[Black "saraquette"]
[Result "1-0"]
[WhiteElo "1781"]
[BlackElo "1721"]

1. c4 e5 2. g3 Bc5 3. Bg2 Nc6 4. Nc3 d6 5. Nf3 Be6 6. O-O Qd7 7. d3 O-O-O 8. e4
h6 9. Nb5 a6 10. d4 exd4 11. Nbxd4 Bxc4 12. Re1 Ne5 13. Bf4 Nd3 14. Re3 Nxb2 15.
Qc2 Ba3 16. Rxa3 d5 17. Qxb2 Nf6 18. Rb1 c6 19. Ne5 Qe7 20. Nexc6 1-0

[Event "Challenge"]
[Site "http://www.queenalice.com/game.php?id=1053398"]
[Date "2012.4.27"]
[Round "-"]
[White "Andrei_78"]
[Black "trave"]
[Result "1-0"]
[WhiteElo "1715"]
[BlackElo "1796"]

1. e4 c5 2. c4 Nc6 3. a3 g6 4. Nf3 Bg7 5. Nc3 d6 6. h3 Nf6 7. Bd3 O-O 8. O-O e5
9. Qe2 Nh5 10. Nd5 Nd4 11. Nxd4 cxd4 12. Bc2 Be6 13. d3 Bxd5 14. Qg4 Be6 15. Qf3
f5 16. exf5 Rxf5 17. Qxb7 Nf4 18. Bxf4 exf4 19. b3 f3 20. gxf3 Rxf3 21. Qxf3
Qg5+ 22. Qg2 Qd2 23. Qxa8+ Kf7 24. Qxa7+ Kf6 25. Qxd4+ Kf7 26. Qa7+ Kf6 27. Bb1
Bxh3 28. Qd4+ Kf7 29. Qd5+ Ke7 30. Qe4+ Be5 31. Qh4+ Kf7 32. Ra2 Qf4 33. Qxh3
Kf6 34. a4 h5 35. Re2 Qg5+ 36. Kh1 h4 37. Qf3+ Kg7 38. Rg1 Qf4 39. Qb7+ Kh6 40.
Qg2 Qf5 41. Rxe5 dxe5 42. d4 Qf4 43. Qxg6# 1-0

[Event "Challenge"]
[Site "http://www.queenalice.com/game.php?id=1053850"]
[Date "2012.4.28"]
[Round "-"]
[White "Andrei_78"]
[Black "trave"]
[Result "1-0"]
[WhiteElo "1734"]
[BlackElo "1764"]

1. e4 c5 2. Bc4 g6 3. Nf3 Bg7 4. d3 d6 5. h3 Nf6 6. Nc3 O-O 7. b3 Nc6 8. Nd5
Nxd5 9. Bxd5 Bxa1 10. Bh6 Bc3+ 11. Nd2 Bg7 12. Bxc6 bxc6 13. Bxg7 Kxg7 14. O-O
e5 15. Nc4 Qg5 16. Qf3 d5 17. Nd6 a5 18. Nxc8 dxe4 19. Qxe4 Rfxc8 20. Qc4 Rab8
21. Qxc5 Rb5 22. Qc3 c5 23. Re1 f6 24. a4 Rb4 25. Re3 Rh4 26. Qxa5 c4 27. bxc4
Rb8 28. Qa7+ Kh6 29. Qxb8 f5 30. Qxe5 f4 31. Qxg5+ Kxg5 32. Re5+ Kf6 33. Rc5 f3
34. Rc6+ Ke5 35. Rc5+ Kd4 36. Rd5+ Kc3 37. gxf3 Rxh3 38. c5 Rxf3 39. c6 Kxc2 40.
c7 Kd2 41. c8=Q Rf4 42. Qh3 Rxa4 43. Qe3+ Kc3 44. d4+ Kc4 45. Rc5+ Kb4 46. Qc3#
1-0

[Event "Challenge"]
[Site "http://www.queenalice.com/game.php?id=1056484"]
[Date "2012.5.5"]
[Round "-"]
[White "trave"]
[Black "kuntakinte"]
[Result "1-0"]
[WhiteElo "1757"]
[BlackElo "1729"]

1. c4 e5 2. g3 Nf6 3. Bg2 Nc6 4. Nc3 a6 5. e4 Bc5 6. Nd5 O-O 7. d3 d6 8. h3 Bd4
9. Nf3 h6 10. Nxd4 Nxd4 11. Be3 c6 12. Nxf6+ Qxf6 13. O-O Ne6 14. Qh5 Kh7 15.
Qf5+ Kh8 16. Qxf6 gxf6 17. Bxh6 Rg8 18. b4 Nd4 19. a4 Rg6 20. Be3 Ne2+ 21. Kh2
Nd4 22. b5 a5 23. Bxd4 exd4 24. bxc6 bxc6 25. Rab1 Rh6 26. e5 Ra6 27. Rb8 fxe5
28. Rxc8+ Kg7 29. Bxc6 Rh8 30. Rxh8 Kxh8 31. Bd5 f6 32. Rb1 Kg7 33. h4 Kh6 34.
Kh3 f5 35. Rb7 Ra8 36. Rd7 Rb8 37. Rxd6+ Kg7 38. h5 Rh8 39. Kh4 Rh6 40. Rd7+ Kf6
41. f3 Rh8 42. c5 Re8 43. c6 Rh8 44. c7 f4 45. Rf7# 1-0

[Event "Challenge"]
[Site "http://www.queenalice.com/game.php?id=1057092"]
[Date "2012.5.7"]
[Round "-"]
[White "trave"]
[Black "Vladimir"]
[Result "1-0"]
[WhiteElo "1743"]
[BlackElo "1690"]

1. c4 e5 2. g3 c5 3. Bg2 Nf6 4. Nc3 d6 5. d3 Be6 6. Nf3 h6 7. O-O Nc6 8. Qb3 Na5
9. Qc2 Be7 10. e3 O-O 11. d4 Nxc4 12. dxc5 dxc5 13. b3 Nb6 14. Nxe5 Qc7 15. Nf3
Ng4 16. Qe4 Bf6 17. Bb2 Rfe8 18. Qf4 Qxf4 19. exf4 Bd4 20. Nxd4 cxd4 21. Nb5 Re7
22. Rfe1 d3 23. Rad1 Rd8 24. Nd4 Nd5 25. Nxe6 fxe6 26. Rxd3 Ngf6 27. Bxf6 gxf6
28. Bxd5 Kf7 29. Bc4 Rxd3 30. Bxd3 e5 31. f5 Rd7 32. Bc4+ Kg7 33. Be6 Rd2 34. b4
b6 35. Rc1 Rd6 36. Rc7+ Kh8 37. Rxa7 1-0

[Event "Challenge"]
[Site "http://www.queenalice.com/game.php?id=1057546"]
[Date "2012.5.8"]
[Round "-"]
[White "Vonrunstedt"]
[Black "trave"]
[Result "1-0"]
[WhiteElo "1854"]
[BlackElo "1777"]

1. e4 c5 2. b4 cxb4 3. a3 bxa3 4. Bxa3 Nf6 5. Nc3 e5 6. Nf3 Bxa3 7. Rxa3 O-O 8.
Bc4 Nc6 9. d3 Nd4 10. O-O d6 11. Ng5 Be6 12. Nxe6 fxe6 13. Ra1 d5 14. exd5 exd5
15. Ba2 Kh8 16. Ne2 Qb6 17. c4 dxc4 18. Bxc4 Qb2 19. Nxd4 Qxd4 20. Qe2 Ng4 21.
Ra2 Rf6 22. h3 Nh6 23. Rb2 Nf5 24. Kh2 g6 25. Rxb7 Rb6 26. Rc7 e4 27. dxe4 Qd6+
28. f4 Qxc7 29. exf5 gxf5 30. Qd3 Qg7 31. Qxf5 Rf8 32. Qd5 Rb2 33. f5 h5 34. f6
Rxf6 35. Qd8+ Kh7 36. Bd3+ Kh6 37. Rxf6+ Kg5 38. Rg6+ Kf4 39. Rxg7 Rd2 40. Qd4#
1-0

[Event "Challenge"]
[Site "http://www.queenalice.com/game.php?id=1062520"]
[Date "2012.5.22"]
[Round "-"]
[White "Kveirov"]
[Black "trave"]
[Result "1-0"]
[WhiteElo "1780"]
[BlackElo "1800"]

1. e4 c5 2. Nf3 g6 3. d4 cxd4 4. Nxd4 Bg7 5. Nc3 e5 6. Nf3 Nc6 7. Bc4 Nge7 8.
Bg5 h6 9. Bh4 Qb6 10. b3 O-O 11. O-O Nd4 12. Bxe7 Re8 13. Bh4 d6 14. Nd5 Qa5 15.
b4 Qd8 16. Bxd8 Rxd8 17. c3 Nxf3+ 18. Qxf3 a5 19. a3 Be6 20. Rfd1 h5 21. Bb5 Bg4
22. Nf6+ Bxf6 23. Qxf6 Bxd1 24. Rxd1 axb4 25. axb4 Rdc8 26. h3 Rxc3 27. Qxd6 Rc2
28. Qxe5 Raa2 29. Rd8+ Kh7 30. Qh8# 1-0

[Event "Challenge"]
[Site "http://www.queenalice.com/game.php?id=1064406"]
[Date "2012.5.26"]
[Round "-"]
[White "trave"]
[Black "constantin"]
[Result "1-0"]
[WhiteElo "1737"]
[BlackElo "1794"]

1. c4 e5 2. g3 Bc5 3. Nc3 Qf6 4. Ne4 Be7 5. Nxf6+ Bxf6 6. Bg2 c6 7. e4 c5 8. Ne2
d6 9. O-O Be6 10. Qa4+ Nc6 11. a3 Bd7 12. Nc3 Nd4 13. Qd1 Ne7 14. d3 a6 15. Nd5
Nxd5 16. exd5 O-O-O 17. Be3 Nf5 18. b4 b6 19. Qb3 g5 20. bxc5 bxc5 21. Rab1 Bb5
22. cxb5 Nd4 23. Bxd4 exd4 24. bxa6 Kd7 25. Qb7+ Ke8 26. a7 Kf8 27. a8=Q Kg7 28.
Qxd8 Rxd8 29. Qc7 Ra8 30. Rb7 Rf8 31. Qxd6 Bd8 32. Qxc5 Bf6 33. d6 1-0

[Event "Rouletabosse"]
[Site "http://www.queenalice.com/game.php?id=1069257"]
[Date "2012.6.7"]
[Round "2"]
[White "UKopra"]
[Black "trave"]
[Result "1-0"]
[WhiteElo "1898"]
[BlackElo "1747"]

1. d4 c5 2. d5 d6 3. e4 g6 4. Nf3 Bg7 5. Nc3 Nf6 6. Bb5+ Bd7 7. a4 O-O 8. O-O a6
9. Be2 Qa5 10. Nd2 b5 11. Nb3 Qb6 12. axb5 a5 13. Be3 e6 14. Ra3 exd5 15. exd5
Rc8 16. Qa1 Ng4 17. Rxa5 Nxe3 18. fxe3 Rxa5 19. Qxa5 Qxa5 20. Nxa5 Re8 21. Nd1
Bf5 22. Bd3 Bxd3 23. cxd3 Nd7 24. Rf4 Bh6 25. Re4 Re5 26. Rxe5 Nxe5 27. d4 Nd3
28. dxc5 Nxc5 29. b6 Na6 30. b7 f5 31. Nc6 Bg7 32. b8=Q+ Nxb8 33. Nxb8 f4 34.
exf4 Bd4+ 35. Kf1 Kf7 36. b4 Kf6 37. Nc6 Kf5 38. Nxd4+ Ke4 39. b5 Kxd5 40. b6
Kxd4 41. b7 1-0

[Event "Challenge"]
[Site "http://www.queenalice.com/game.php?id=1071823"]
[Date "2012.6.14"]
[Round "-"]
[White "trave"]
[Black "AlekinePb"]
[Result "0-1"]
[WhiteElo "1756"]
[BlackElo "1859"]

1. c4 e6 2. g3 d5 3. Bg2 Nf6 4. Nf3 b6 5. Nc3 Bb7 6. Nd4 Nbd7 7. O-O c5 8. Nc2
Qc7 9. d3 d4 10. Nb5 Qc8 11. Bf4 a6 12. Nd6+ Bxd6 13. Bxd6 Bxg2 14. Kxg2 Qc6+
15. e4 Qxd6 16. a4 O-O 17. a5 e5 18. g4 b5 19. g5 Ne8 20. Qg4 bxc4 21. dxc4 Rb8
22. Rfb1 f6 23. g6 h6 24. Ra3 f5 25. exf5 Qf6 26. Rf3 Nd6 27. b4 e4 28. Rfb3 Ne5
29. Qh5 Nexc4 30. bxc5 Rxb3 31. Rxb3 Nxf5 32. Rb4 Nh4+ 33. Kh3 Nxg6 34. Rxc4
Qe6+ 35. Qg4 Rf3+ 36. Kg2 Qxg4+ 0-1

[Event "Challenge"]
[Site "http://www.queenalice.com/game.php?id=1073391"]
[Date "2012.6.18"]
[Round "-"]
[White "thiagobrumchess"]
[Black "trave"]
[Result "1-0"]
[WhiteElo "1777"]
[BlackElo "1755"]

1. e4 c5 2. Nf3 g6 3. c3 Bg7 4. d4 cxd4 5. cxd4 e6 6. Nc3 Ne7 7. Be2 O-O 8. O-O
Nbc6 9. Be3 e5 10. d5 Nb4 11. Qd2 b6 12. a3 Na6 13. Bh6 Bxh6 14. Qxh6 Nc5 15.
Ng5 1-0

[Event "Challenge"]
[Site "http://www.queenalice.com/game.php?id=1073402"]
[Date "2012.6.18"]
[Round "-"]
[White "trave"]
[Black "thiagobrumchess"]
[Result "1-0"]
[WhiteElo "1747"]
[BlackElo "1779"]

1. c4 e5 2. g3 Nf6 3. Bg2 Be7 4. d3 d5 5. Nf3 Nc6 6. Nbd2 d4 7. O-O O-O 8. Ng5
h6 9. Nge4 Bf5 10. Nxf6+ Bxf6 11. Ne4 a6 12. Nxf6+ Qxf6 13. Qa4 Bd7 14. h4 Rad8
15. b4 Ne7 16. b5 axb5 17. cxb5 c6 18. bxc6 bxc6 19. Ba3 Rfe8 20. Bxe7 Qxe7 21.
Rab1 c5 22. Bc6 Bxc6 23. Qxc6 Rc8 24. Qe4 g5 25. Rb6 gxh4 26. Rxh6 f6 27. Qg4+
Kf8 28. Qxh4 Qg7 29. Rxf6+ Kg8 30. g4 Rf8 31. g5 Rc7 32. f4 Rxf6 33. Qh5 Rcf7
34. Rb1 Rxf4 35. Kh2 Rf2+ 36. Kh3 Qf8 37. g6 Qc8+ 38. Kg3 Qf5 39. gxf7+ Qxf7 40.
Rb8+ Kg7 41. Qh8+ Kg6 42. Rg8+ Kf5 43. Rf8 Ke6 44. Rxf7 Rxf7 45. Qc8+ Kd6 46. a4
Rg7+ 47. Kf3 Rf7+ 48. Kg2 Rg7+ 49. Kf1 Rf7+ 50. Ke1 Ra7 51. Qb8+ Kd5 52. Qxa7 e4
53. dxe4+ Kxe4 54. Kf2 c4 55. Qe7+ Kd5 56. a5 c3 57. Kf3 Kc4 58. e4 d3 59. Qe5
c2 60. Qc7+ Kb3 61. a6 d2 62. Qb6+ Kc3 63. Qe3+ Kb2 64. Qxd2 Kb1 65. a7 c1=Q 66.
Qxc1+ Kxc1 67. a8=Q Kd1 68. Qa2 Kc1 69. Ke3 Kd1 70. Qb2 Ke1 71. Qc1# 1-0

[Event "Challenge"]
[Site "http://www.queenalice.com/game.php?id=1076237"]
[Date "2012.6.25"]
[Round "-"]
[White "Andrei_78"]
[Black "trave"]
[Result "1-0"]
[WhiteElo "1648"]
[BlackElo "1740"]

1. e4 c5 2. c4 d6 3. Nf3 g6 4. h3 Bg7 5. d3 Nf6 6. Be2 O-O 7. Bg5 e5 8. O-O Nc6
9. a3 h6 10. Be3 Nh5 11. Nh2 Nf4 12. Nc3 Qg5 13. Bg4 h5 14. Bxf4 Qxf4 15. Bxc8
Raxc8 16. Nd5 Rfe8 17. Nxf4 exf4 18. Rb1 Ne5 19. Nf3 Rc6 20. Qa4 Nxd3 21. Qxa7
Rc7 22. Rfd1 Nxb2 23. Rxb2 Bxb2 24. Qb6 Rd7 25. Qxb2 Rxe4 26. Ng5 Rxc4 27. Re1
Kf8 28. Qh8# 1-0

[Event "Challenge"]
[Site "http://www.queenalice.com/game.php?id=1078493"]
[Date "2012.7.2"]
[Round "-"]
[White "siarango"]
[Black "trave"]
[Result "0-1"]
[WhiteElo "1811"]
[BlackElo "1720"]

1. e4 c5 2. Nf3 g6 3. d4 cxd4 4. Qxd4 Nf6 5. e5 Nh5 6. Bc4 Bg7 7. Ng5 e6 8. O-O
Nc6 9. Nf3 Nxd4 10. Nxd4 Bxe5 11. Nf3 Bg7 12. c3 O-O 13. Bg5 Qc7 14. Bb3 b6 15.
Nbd2 Ba6 16. Rfe1 Nf4 17. Bxf4 Qxf4 18. Re4 Qf6 19. Rae1 Bb7 20. R4e3 Bh6 21.
Rd3 Bxd2 22. Nxd2 Qg5 23. f3 a5 24. Ne4 Bxe4 25. Rxe4 Qc1+ 26. Kf2 Qxb2+ 27. Re2
Qa3 28. Rxd7 a4 29. Bc4 Qc5+ 30. Rd4 e5 31. Re4 exd4 32. Be2 dxc3+ 33. Kg3 Rfe8
34. Rc4 Qe5+ 35. Kh3 Qxe2 36. Rxc3 a3 37. Rb3 Qf2 38. g3 Ra4 39. f4 Re2 40. Kg4
Qxh2 41. Rb5 Re3 42. Rxb6 Qh5# 0-1

[Event "Challenge"]
[Site "http://www.queenalice.com/game.php?id=1086244"]
[Date "2012.7.24"]
[Round "-"]
[White "rvdornel"]
[Black "trave"]
[Result "1-0"]
[WhiteElo "1848"]
[BlackElo "1744"]

1. e4 c5 2. Nf3 g6 3. Bc4 Bg7 4. c3 d6 5. Qb3 e6 6. d4 Ne7 7. O-O O-O 8. Bg5 d5
9. exd5 exd5 10. Be2 c4 11. Qa3 Qc7 12. Bxe7 Re8 13. Bd6 Qc6 14. Bd1 a5 15. b3
Ra6 16. Bg3 b5 17. Qb2 Bg4 18. Qd2 a4 19. bxa4 bxa4 20. Ne5 Bxe5 21. Bxe5 Rxe5
22. dxe5 Bxd1 23. Rxd1 Qe6 24. Qxd5 Qf5 25. Qd8+ Kg7 26. Qxb8 Qe4 27. Nd2 Qe2
28. Nf3 Ra5 29. Qd6 Rb5 30. Qf6+ Kf8 31. Rd8# 1-0

[Event "Challenge"]
[Site "http://www.queenalice.com/game.php?id=1087189"]
[Date "2012.7.26"]
[Round "-"]
[White "trave"]
[Black "micbodu75"]
[Result "1-0"]
[WhiteElo "1732"]
[BlackElo "1697"]

1. c4 Nc6 2. g3 Nf6 3. Bg2 e5 4. d3 Bb4+ 5. Bd2 a5 6. a3 Bxd2+ 7. Nxd2 d6 8.
Ngf3 h6 9. O-O O-O 10. e4 b6 11. Qa4 Bd7 12. b4 axb4 13. Qb3 bxa3 14. Rxa3 Rxa3
15. Qxa3 Qa8 16. Qb2 Qa5 17. Nh4 Nb4 18. Nb3 Nxd3 19. Qe2 Qc3 20. Nd2 Ra8 21.
Qd1 Ra1 22. Qxa1 Qxd2 23. Nf3 Qc2 24. Rd1 Nxf2 25. Rd2 Qxc4 26. Rxf2 Ng4 27.
Qa8+ Kh7 28. Rf1 Qc5+ 29. Kh1 Bb5 30. Qc8 Ne3 31. Ra1 Qc3 32. Ra8 Kg6 33. Nh4+
Kf6 34. Qd8+ Ke6 35. Bh3+ f5 36. Bxf5+ Nxf5 37. Qc8+ Bd7 38. Qg8+ Kf6 39. Rf8+
Kg5 40. Rxf5+ Bxf5 41. Qxg7+ Kh5 42. Qf7+ 1-0

[Event "Challenge"]
[Site "http://www.queenalice.com/game.php?id=1088035"]
[Date "2012.7.28"]
[Round "-"]
[White "plot24"]
[Black "trave"]
[Result "0-1"]
[WhiteElo "1730"]
[BlackElo "1740"]

1. d4 c5 2. d5 d6 3. Nf3 g6 4. e4 Bg7 5. Bb5+ Bd7 6. c4 a6 7. Bxd7+ Nxd7 8. Nbd2
Ngf6 9. O-O O-O 10. Re1 Re8 11. Nb3 e6 12. dxe6 Rxe6 13. Bg5 Qb6 14. Qc2 Qb4 15.
a3 Qa4 16. Rac1 Nxe4 17. Nbd2 Qxc2 18. Rxc2 Nxg5 19. Nxg5 Rxe1+ 0-1

[Event "Rouletabosse"]
[Site "http://www.queenalice.com/game.php?id=1100370"]
[Date "2012.9.6"]
[Round "3"]
[White "trave"]
[Black "Slazenger"]
[Result "1-0"]
[WhiteElo "1764"]
[BlackElo "1602"]

1. c4 e5 2. g3 c6 3. Bg2 Bc5 4. Nc3 Qf6 5. Ne4 Qe7 6. Nf3 d5 7. cxd5 cxd5 8.
Nxc5 e4 9. Nxe4 dxe4 10. Nd4 f5 11. Qb3 Nf6 12. Qb5+ Qd7 13. O-O a6 14. Qe5+ Qe7
15. Qxe7+ Kxe7 16. b3 b5 17. Ba3+ Kf7 18. d3 Bb7 19. Nxf5 Bd5 20. Nd6+ Kg8 21.
dxe4 Bc6 22. Bh3 Bxe4 23. Nb7 h6 24. Nc5 Bd5 25. Bf5 Nc6 26. Nd3 Nd4 27. Nf4
Nxf5 28. Ng6 Rh7 29. Rac1 Re8 30. h3 Bf7 31. Nf4 g5 32. Nd3 Rxe2 33. Bb2 Ne4 34.
Rc8+ Be8 35. Rxe8+ Kf7 36. Re5 Nfd6 37. Ba3 Rxa2 38. Bxd6 Nxd6 39. Nc5 Kg8 40.
Re6 Nf5 41. Rxa6 Rxa6 42. Nxa6 Nd4 43. Nc5 Rc7 44. b4 Nc6 45. Ne6 Re7 46. Nc5
Nxb4 47. Rb1 Rc7 48. Ne4 Rc4 49. Nd6 Rd4 50. Nxb5 Rc4 51. Nd6 Rd4 52. Nf5 Rc4
53. Nxh6+ Kg7 54. Nf5+ Kg6 55. g4 Rf4 56. Kg2 Re4 57. Kg3 Kf6 58. h4 gxh4+ 59.
Kxh4 Rf4 60. Ng3 Nd5 61. Nh5+ Ke5 62. Nxf4 Nxf4 63. g5 1-0

[Event "Let's Play Chess!"]
[Site "http://www.queenalice.com/game.php?id=1119281"]
[Date "2012.11.5"]
[Round "-"]
[White "cdare"]
[Black "trave"]
[Result "1-0"]
[WhiteElo "1806"]
[BlackElo "1748"]

1. e4 c5 2. Nf3 g6 3. c3 Bg7 4. Bc4 Nc6 5. d3 d6 6. Bf4 e5 7. Bg3 Nf6 8. Nbd2
O-O 9. O-O d5 10. exd5 Nxd5 11. a3 Bg4 12. Qc2 Nce7 13. Nxe5 Nf5 14. Nxg4 h5 15.
Bxd5 Qxd5 16. Ne3 Nxe3 17. fxe3 Qe6 18. e4 Rad8 19. Rad1 b5 20. Nf3 Bh6 21. Bf2
c4 22. d4 Rd6 23. d5 Qg4 24. Bc5 Be3+ 25. Bxe3 Rc8 26. Bxa7 Rf6 27. Bd4 Rf4 28.
Be5 Rxe4 29. Bf6 Rce8 30. d6 Re2 31. Qxe2 Rxe2 32. Rf2 Rxf2 33. Kxf2 Qd7 34. Be7
Kg7 35. Nd4 f6 36. Nf3 Kf7 37. Rd5 Ke6 38. Rd1 Kf5 39. Nd4+ Ke4 40. Nc2 Qf5+ 41.
Kg1 Qg4 42. Rd4+ Ke5 43. Rxg4 1-0

[Event "Challenge"]
[Site "http://www.queenalice.com/game.php?id=1119566"]
[Date "2012.11.6"]
[Round "-"]
[White "trave"]
[Black "cdare"]
[Result "1-0"]
[WhiteElo "1774"]
[BlackElo "1726"]

1. c4 e5 2. g3 Nf6 3. Bg2 Nc6 4. Nc3 Bc5 5. d3 Ng4 6. e3 d6 7. Nf3 Bf5 8. O-O
O-O 9. d4 exd4 10. exd4 Bb6 11. h3 Nf6 12. Bg5 Re8 13. Nd5 h6 14. Bxf6 gxf6 15.
Re1 Ba5 16. Rxe8+ Qxe8 17. Nxf6+ Kg7 18. Nxe8+ Rxe8 19. d5 Ne5 20. a3 Nxf3+ 21.
Qxf3 Bg6 22. b4 Bb6 23. Qc3+ Kh7 24. c5 dxc5 25. bxc5 Bxc5 26. Qxc5 1-0

[Event "Rouletabosse"]
[Site "http://www.queenalice.com/game.php?id=1125663"]
[Date "2012.11.24"]
[Round "4"]
[White "rrainey22"]
[Black "trave"]
[Result "1-0"]
[WhiteElo "1719"]
[BlackElo "1766"]

1. d4 g6 2. Nf3 Bg7 3. e4 d6 4. Be3 Nf6 5. Bd3 O-O 6. Nc3 Bg4 7. h3 Bxf3 8. Qxf3
Nc6 9. a3 e6 10. b4 e5 11. d5 Nd4 12. Bxd4 exd4 13. Ne2 c5 14. dxc6 bxc6 15. e5
dxe5 16. Qxc6 Rc8 17. Qa6 e4 18. Bc4 Nd5 19. Rc1 d3 20. cxd3 exd3 21. Bxd3 Rxc1+
22. Nxc1 Qe7+ 23. Kd2 Qg5+ 24. Kc2 Qxg2 25. Rf1 Ne3+ 26. Kb1 Nxf1 27. Bxf1 Qxf2
28. Qe2 Qf5+ 29. Qd3 Qe5 30. Qb3 Qa1+ 31. Kc2 Rc8+ 32. Bc4 Bh6 33. Na2 Qe1 34.
Qd3 Bg5 35. Kb3 Rd8 36. Qe2 Qxe2 37. Bxe2 Kg7 38. Nc3 h5 39. Nb5 Re8 40. Bf1
Re3+ 41. Kc4 a6 42. Nc3 Bf6 43. Nb1 g5 44. a4 Re1 45. Nd2 g4 46. a5 g3 47. b5
axb5+ 48. Kxb5 Bd4 49. Nb3 Rb1 50. Kc4 Ba7 51. Bg2 Rg1 52. Bf3 Kh6 53. Kb5 Rf1
54. Bg2 Rf2 55. Bh1 Rh2 56. Bf3 Rxh3 57. a6 g2 58. Bxg2 1-0

[Event "Challenge"]
[Site "http://www.queenalice.com/game.php?id=1134345"]
[Date "2012.12.25"]
[Round "-"]
[White "trave"]
[Black "cdare"]
[Result "0-1"]
[WhiteElo "1734"]
[BlackElo "1786"]

1. e4 e5 2. Nf3 Nc6 3. Nc3 Nf6 4. Bb5 d6 5. O-O Bd7 6. Bxc6 Bxc6 7. d4 Nxe4 8.
Nxe4 Bxe4 9. dxe5 dxe5 10. Qxd8+ Rxd8 11. Nxe5 Bd6 12. Bf4 O-O 13. Rfe1 Bxc2 14.
Rac1 Bf5 15. Red1 Be6 16. b3 f6 17. Nc4 Bxf4 18. Rxd8 Rxd8 19. Re1 Bxc4 20. bxc4
c5 21. g3 Be5 22. f4 Bd4+ 23. Kg2 a6 24. a4 b6 25. Re6 Rb8 26. f5 h5 27. Kf3 Kf7
28. a5 b5 29. cxb5 axb5 30. Ke4 g6 31. Rb6 Rxb6 32. axb6 b4 33. b7 Be5 34. fxg6+
Kxg6 35. Kd3 b3 36. Kd2 c4 37. Kc1 c3 38. Kb1 Kg5 39. h3 Bxg3 40. h4+ Kxh4 41.
Kc1 Be5 42. Kd1 Kg3 43. Kc1 h4 44. Kb1 h3 45. Ka1 h2 46. b8=Q Bxb8 47. Kb1 h1=Q#
0-1

[Event "Challenge"]
[Site "http://www.queenalice.com/game.php?id=1136797"]
[Date "2013.1.3"]
[Round "-"]
[White "trave"]
[Black "princesher"]
[Result "0-1"]
[WhiteElo "1788"]
[BlackElo "1645"]

1. e4 e5 2. Nf3 Nc6 3. Nc3 f6 4. g3 d6 5. Bg2 Bg4 6. O-O Bxf3 7. Bxf3 g6 8. d3
h5 9. Nd5 b6 10. c4 Nb8 11. Qa4+ c6 12. Be3 Nd7 13. Qxc6 Rc8 14. Qb7 Ne7 15.
Qxa7 Nxd5 16. cxd5 b5 17. a4 Ra8 18. Qxa8 Qxa8 19. axb5 Qb7 20. g4 Qxb5 21. g5
Qxb2 22. Rfb1 Qc3 23. gxf6 Nxf6 24. Rb8+ Kf7 25. Ra7+ Kg8 26. Bg5 Rh7 27. Raa8
Nd7 0-1